[Event "3rd Staunton Memorial"]
[Site "London ENG"]
[Date "2005.08.19"]
[Round "1"]
[White "Howell,D"]
[Black "Houska,Jo"]
[Result "1/2-1/2"]
[WhiteElo "2471"]
[BlackElo "2342"]
[EventDate "2005.08.19"]

1. e4 c6 2. d4 d5 3. exd5 cxd5 4. c4 Nf6 5. Nc3 e6 6. Nf3 Bb4 7. cxd5 Nxd5
8. Qc2 Nc6 9. Be2 O-O 10. O-O Be7 11. a3 Bf6 12. Rd1 Nce7 13. Qe4 b6 14.
Ng5 Ng6 15. h4 Bb7 16. Qg4 Bxg5 17. Bxg5 Nf6 18. Qh3 h6 19. h5 Ne7 20. Bxf6
gxf6 21. d5 Nxd5 22. Nxd5 Bxd5 23. Bf3 Qd6 24. Rd3 Qe5 25. Bxd5 exd5 26.
Rad1 Rad8 27. Re3 Qf4 28. Rf3 Qe5 29. Qh4 d4 30. Rxf6 Kg7 31. Rf3 Rd5 32.
Rdd3 Re8 33. Qg4+ Qg5 34. Rxd4 Re1+ 35. Kh2 Qxg4 36. Rxg4+ Kf8 37. Rh4 Re2
38. b4 a5 39. bxa5 bxa5 40. Rhh3 Ra2 41. g4 Rdd2 42. Kg2 Rd4 43. Rhg3 Re2
44. g5 Re5 45. gxh6 Rxh5 46. Rf6 Rdh4 47. Rg7 Rxh6 48. Rgxf7+ Ke8 49. Rxh6
Rxh6 50. Ra7 Rh5 51. Kg3 Rg5+ 52. Kf4 Rc5 53. Ke4 Rc4+ 54. Ke5 Ra4 55. f4
Rxa3 56. Ke6 Re3+ 57. Kf6 Ra3 58. f5 Ra1 59. Kg7 Rg1+ 60. Kf6 Ra1 61. Ra8+
Kd7 62. Kg7 Kc6 63. f6 Rg1+ 64. Kh6 Rf1 65. Kg6 Kb5 66. f7 Kb4 67. f8=Q+
Rxf8 68. Rxf8 a4 69. Kf5 a3 70. Ke4 Kc3 71. Ra8 Kb2 72. Rb8+ Kc3 73. Ra8
Kb2 74. Kd3 a2 75. Rb8+ Kc1 1/2-1/2

[Event "3rd Staunton Memorial"]
[Site "London ENG"]
[Date "2005.08.19"]
[Round "1"]
[White "McNab,C"]
[Black "Day,L"]
[Result "1-0"]
[WhiteElo "2451"]
[BlackElo "2270"]
[EventDate "2005.08.19"]

1. c4 d6 2. g3 g6 3. Nf3 Bg7 4. d4 Nc6 5. Bg2 e5 6. d5 Nce7 7. Nc3 h6 8. e4
f5 9. exf5 gxf5 10. Nh4 Nf6 11. f4 e4 12. Be3 O-O 13. h3 c5 14. Bf1 a6 15.
Qd2 Bd7 16. Be2 b5 17. Rc1 bxc4 18. Bxc4 Qb6 19. a4 Be8 20. O-O Bf7 21. Kh2
Kh7 22. Rfd1 Rg8 23. b3 Nh5 24. Ne2 Bf6 25. Ng2 Rg7 26. Bf2 Rag8 27. Ne3
Bd4 28. Nxd4 cxd4 29. Qxd4 Qb7 30. Rg1 a5 31. Rcd1 Rg6 32. g4 Nf6 33. gxf5
Rxg1 34. Bxg1 Nd7 35. Qxe4 Nc5 36. Qc2 Bh5 37. Re1 Qb4 38. Bf2 Rf8 39. f6+
Ng6 40. Ng4 Kh8 41. Qf5 1-0

[Event "3rd Staunton Memorial"]
[Site "London ENG"]
[Date "2005.08.20"]
[Round "2"]
[White "Day,L"]
[Black "Levitt,J"]
[Result "1-0"]
[WhiteElo "2270"]
[BlackElo "2441"]
[EventDate "2005.08.19"]

1. e4 e6 2. d3 c5 3. Nf3 Nc6 4. g3 g6 5. Bg2 Bg7 6. O-O Nge7 7. Re1 e5 8.
c3 O-O 9. a3 d6 10. b4 b6 11. b5 Na5 12. c4 h6 13. Nfd2 a6 14. a4 Ra7 15.
Nc3 f5 16. Rb1 f4 17. Nd5 axb5 18. axb5 g5 19. Bf3 Ng6 20. Bg4 Raf7 21.
Bxc8 Qxc8 22. Qh5 Qe6 23. f3 Rb8 24. Bb2 Ra7 25. Bc3 Ne7 26. Ra1 Nxd5 27.
exd5 Qf7 28. Qxf7+ Rxf7 29. g4 Nb7 30. Ra6 Nd8 31. Rea1 Rfb7 32. Ra8 Bf8
33. Ne4 Be7 34. Be1 Kf7 35. R1a6 Ke8 36. Nc3 Kd7 37. Na4 Rxa8 38. Rxa8 Kc7
39. Ra6 e4 40. dxe4 Bf6 41. Nxb6 Nf7 42. Ba5 Bd4+ 43. Kg2 Ne5 44. Ra8 Rxb6
45. Ra7+ Kb8 46. Bxb6 Nxc4 47. Ra6 Kb7 48. Ba5 Ne3+ 49. Kh1 Be5 50. Rb6+
Ka7 51. Rc6 Nc4 52. Bc7 Kb7 53. Kg1 Ka7 54. Kf1 Kb7 55. Ke2 Ka7 56. h3 Kb7
57. Kd3 Nb2+ 58. Kd2 Nc4+ 59. Kc2 Ka7 60. Ra6+ Kb7 61. Ba5 Ne3+ 62. Kb3 c4+
63. Ka4 Nc2 64. Rc6 Nd4 65. Rc7+ Kb8 66. b6 Nxf3 67. Kb5 Nd4+ 68. Ka6 Nb3
69. b7 Nc5+ 70. Rxc5 1-0

[Event "3rd Staunton Memorial"]
[Site "London ENG"]
[Date "2005.08.22"]
[Round "4"]
[White "Day,L"]
[Black "Howell,D"]
[Result "0-1"]
[WhiteElo "2270"]
[BlackElo "2471"]
[EventDate "2005.08.19"]

1. Nf3 Nf6 2. d4 g6 3. Bg5 Bg7 4. Nbd2 d6 5. c3 Nbd7 6. e3 O-O 7. Be2 h6 8.
Bh4 e5 9. dxe5 dxe5 10. Qc2 b6 11. Nc4 Qe8 12. Nfd2 Nc5 13. e4 Bb7 14. f3
Ne6 15. Bf2 Nd7 16. O-O f5 17. exf5 gxf5 18. Rfe1 Qg6 19. Bg3 Ng5 20. Kh1
Rae8 21. Ne3 Kh8 22. Rad1 Bc6 23. Bc4 Nc5 24. b4 Ba4 25. Nb3 Nce6 26. b5
Nc5 27. Nd5 c6 28. bxc6 Qxc6 29. Nb4 Qg6 30. Bf2 Rc8 31. Bd5 e4 32. c4 a5
33. h4 Nh7 34. fxe4 axb4 35. exf5 Bxb3 36. axb3 Qxf5 37. Qxf5 Rxf5 38. Bxc5
Rxc5 39. Re7 Nf8 40. Rb7 Rf4 41. g3 Rf2 42. Rxb6 Ra5 43. Rxb4 Be5 44. Ra4
Rxa4 45. bxa4 Bxg3 46. Rd4 Rh2+ 47. Kg1 Rxh4 48. Rxh4 Bxh4 49. a5 Bd8 50.
a6 Bb6+ 51. Kg2 Kg7 52. Kf3 Nd7 53. Kf4 Nc5 54. Bb7 Kf6 55. Kg4 Kg6 56. Bc8
h5+ 57. Kh4 Nb3 58. Kg3 Kg5 59. Kf3 Nd2+ 60. Ke2 Nxc4 61. Kf3 h4 62. Be6
Ne5+ 63. Kg2 Nc6 64. Bd5 Ne7 65. Bf7 Kf6 66. Bc4 Ng6 67. Bb5 Nf4+ 68. Kh2
Ke5 69. Bc6 Kd4 70. Bd7 Ke3 71. Bc6 Kf2 72. Bb5 Ba7 73. Bc6 Ke3 74. Bb5 Kd2
75. Bc6 Bf2 76. Bd7 Kc3 77. Bc8 Kb4 78. Bh3 Ka5 79. Bf1 Kb6 80. Kh1 Bg3 81.
Kg1 Ne6 82. Kg2 Ng5 83. Bd3 Be5 84. Bf5 Kxa6 85. Bg4 Kb5 86. Bf5 Kc4 87.
Bc8 Kd4 88. Bd7 Ke3 89. Bc8 Bg3 90. Kf1 Kf3 91. Bb7+ Kf4 92. Bc8 h3 93. Bb7
Bh4 94. Kg1 Kg3 95. Kh1 h2 96. Bg2 Ne6 97. Be4 Nf4 98. Bf5 Bd8 0-1

[Event "3rd Staunton Memorial"]
[Site "London ENG"]
[Date "2005.08.22"]
[Round "4"]
[White "Levitt,J"]
[Black "Houska,Jo"]
[Result "0-1"]
[WhiteElo "2441"]
[BlackElo "2342"]
[EventDate "2005.08.19"]

1. d4 d5 2. c4 e6 3. Nf3 Be7 4. Nc3 Nf6 5. Bg5 h6 6. Bh4 O-O 7. Qc2 a6 8.
e3 dxc4 9. Bxc4 b5 10. Bxf6 Bxf6 11. Bd3 Bb7 12. Bh7+ Kh8 13. Be4 c6 14. h4
Nd7 15. g4 Be7 16. O-O-O Qa5 17. g5 h5 18. Kb1 Rab8 19. Ne2 c5 20. Nf4 b4
21. Bxb7 Rxb7 22. g6 b3 23. axb3 f6 24. Nxe6 c4 25. Qxc4 Qf5+ 26. e4 Qxe4+
27. Qd3 Qxe6 28. Rhe1 Qd5 29. Rxe7 Rxb3 30. Rxd7 Rxd3 31. Rxd5 Rxd1+ 32.
Kc2 Rf1 33. Kd3 Rxf2 34. Ke3 Rg2 35. Rxh5+ Kg8 36. Ra5 Rb8 37. Rxa6 Rxg6
38. Kf4 Rg2 39. Ra3 Rgxb2 40. d5 R2b3 41. Ra4 R3b4+ 42. Rxb4 Rxb4+ 43. Kf5
Kf7 44. h5 Ra4 45. d6 Ra6 0-1

[Event "3rd Staunton Memorial"]
[Site "London ENG"]
[Date "2005.08.23"]
[Round "5"]
[White "Houska,Jo"]
[Black "Day,L"]
[Result "0-1"]
[WhiteElo "2342"]
[BlackElo "2270"]
[EventDate "2005.08.19"]

1. e4 g6 2. d4 d6 3. Nc3 a6 4. Be3 b5 5. Qd2 Nd7 6. a4 b4 7. Nce2 Rb8 8.
Ng3 Ngf6 9. Nf3 Bb7 10. Bd3 e6 11. Bh6 Bxh6 12. Qxh6 c5 13. c3 bxc3 14.
bxc3 Qa5 15. Qd2 h5 16. h4 d5 17. e5 Ne4 18. Bxe4 dxe4 19. Ng5 cxd4 20.
cxd4 Qxd2+ 21. Kxd2 Ke7 22. Rab1 f6 23. exf6+ Nxf6 24. Rb6 Bd5 25. Rhb1
Rxb6 26. Rxb6 Ra8 27. Ne2 Nd7 28. Rb1 Rc8 29. Rb4 Rf8 30. Ke1 Rb8 31. Rxb8
Nxb8 32. Kd2 Nd7 33. Nc3 Nb6 34. Ke3 Bc6 35. Ngxe4 Bxa4 36. Nc5 Bb5 37. f3
Bc4 38. g4 a5 39. gxh5 gxh5 40. N5e4 Nd5+ 41. Kd2 Nf4 42. Ng3 Bd5 43. Nce4
Kf7 44. Ke3 Ng2+ 45. Kd3 Kg6 46. Ne2 Nxh4 47. Nf4+ Kh6 48. Nxd5 exd5 49.
Nf6 Nxf3 50. Nxd5 Kg5 51. Ke3 Nh4 52. Nf4 Nf5+ 53. Ke4 a4 54. Nd3 a3 55.
Nb4 Kg4 56. Kd3 h4 57. Kc3 h3 58. Nd3 h2 0-1

[Event "3rd Staunton Memorial"]
[Site "London ENG"]
[Date "2005.08.23"]
[Round "5"]
[White "McNab,C"]
[Black "Levitt,J"]
[Result "1/2-1/2"]
[WhiteElo "2451"]
[BlackElo "2441"]
[EventDate "2005.08.19"]

1. c4 e5 2. Nc3 Bb4 3. Nd5 Be7 4. d4 d6 5. e3 Nf6 6. Nxe7 Qxe7 7. Ne2 O-O
8. d5 a5 9. Nc3 e4 10. b3 Na6 11. Bb2 Nc5 12. Qd4 Bf5 13. Rd1 Bg6 14. Be2
Ne8 15. h4 h6 16. h5 Bh7 17. Kf1 f5 18. g3 Nf6 19. Nb5 Kh8 20. Qd2 Bg8 21.
Bc3 b6 22. Rh4 Nh7 23. Nd4 Ng5 24. Rf4 Bh7 25. Kg2 Rf7 26. Rb1 Nd7 27. Nc6
Qf8 28. Qb2 Re8 29. a3 Nb8 30. Nxb8 Rxb8 31. b4 axb4 32. axb4 Ra8 33. Ra1
Qe8 34. Rxa8 Qxa8 35. g4 Qf8 36. Kg3 Kg8 37. Qd2 fxg4 38. Bxg4 Bf5 39. Qd1
Bc8 40. Rxf7 Kxf7 41. Bxc8 Qxc8 42. Qg4 Qe8 43. Qf5+ Kg8 44. Kg4 Qa4 45.
Qc8+ Kh7 46. Qf5+ 1/2-1/2

[Event "3rd Staunton Memorial"]
[Site "London ENG"]
[Date "2005.08.25"]
[Round "6"]
[White "Houska,Jo"]
[Black "Howell,D"]
[Result "1/2-1/2"]
[WhiteElo "2342"]
[BlackElo "2471"]
[EventDate "2005.08.19"]

1. e4 e5 2. Nf3 Nc6 3. d4 exd4 4. Nxd4 Bc5 5. Nxc6 Qf6 6. Qd2 dxc6 7. Nc3
Ne7 8. Qf4 Be6 9. Qxf6 gxf6 10. Na4 Bb4+ 11. Bd2 Bxd2+ 12. Kxd2 O-O-O+ 13.
Bd3 b6 14. Rad1 Rhg8 15. Rhg1 Ng6 16. Kc1 Nf4 17. Ba6+ Kb8 18. Rxd8+ Rxd8
19. Bf1 Ng6 20. g3 Ne5 21. Bg2 c5 22. Nc3 Nc6 23. Rd1 Nd4 24. Rd2 Kc8 25.
h3 Rd6 26. f4 Rd8 27. f5 Bc4 28. b3 Ba6 29. Nd5 Rd6 30. Kd1 Nc6 31. g4 Bb7
32. Ke1 Ne5 33. Ne7+ Kd8 34. Ng8 Nd7 35. h4 Ke8 36. g5 fxg5 1/2-1/2

[Event "3rd Staunton Memorial"]
[Site "London ENG"]
[Date "2005.08.26"]
[Round "7"]
[White "McNab,C"]
[Black "Howell,D"]
[Result "1-0"]
[WhiteElo "2451"]
[BlackElo "2471"]
[EventDate "2005.08.19"]

1. c4 e5 2. Nc3 Nc6 3. Nf3 f5 4. d4 e4 5. Ng5 Bb4 6. Nh3 Nf6 7. Nf4 O-O 8.
h4 d6 9. e3 Bxc3+ 10. bxc3 Qe7 11. c5 Nd8 12. cxd6 cxd6 13. Ba3 Ne6 14. Qb3
Kh8 15. Nd5 Nxd5 16. Qxd5 Rd8 17. Be2 Nc7 18. Qb3 b6 19. c4 Be6 20. d5 Bd7
21. h5 h6 22. Qb4 Bc8 23. Bb2 Na6 24. Qd2 Nc5 25. f4 exf3 26. gxf3 f4 27.
e4 Rf8 28. O-O-O Nd7 29. Rhg1 Ne5 30. Bxe5 Qxe5 31. Qb2 Qxb2+ 32. Kxb2 Rf6
33. Kc3 Bd7 34. Kd4 Re8 35. Rg2 Re7 36. Rh1 Be8 37. Rh4 Kg8 38. Rgg4 Ref7
39. Bd3 Bd7 40. Rg6 Kf8 41. Rxf6 Rxf6 42. e5 dxe5+ 43. Kxe5 Be8 44. d6 Bf7
45. Bf5 Bxc4 46. Rxf4 b5 47. a3 Be2 48. Rd4 Ke8 49. Rg4 Bxf3 50. Rxg7 Rf8
51. Be6 1-0

[Event "3rd Staunton Memorial"]
[Site "London ENG"]
[Date "2005.08.27"]
[Round "8"]
[White "Howell,D"]
[Black "Levitt,J"]
[Result "0-1"]
[WhiteElo "2471"]
[BlackElo "2441"]
[EventDate "2005.08.19"]

1. e4 e6 2. d4 d5 3. Nd2 c5 4. exd5 Qxd5 5. Ngf3 cxd4 6. Bc4 Qd6 7. Qe2 Nc6
8. Nb3 Be7 9. Bd2 a6 10. O-O-O Nf6 11. Kb1 b5 12. Bd3 Bb7 13. Rhe1 O-O 14.
g4 g6 15. g5 Nh5 16. Be4 Rfe8 17. Bc1 Qc7 18. Nbxd4 Nxd4 19. Rxd4 Bxe4 20.
Qxe4 Bc5 21. Rd3 Rad8 22. Rc3 Qb6 23. Ne5 Rd5 24. Ng4 Red8 25. Rf3 R8d7 26.
a3 Bf8 27. Rh3 Bg7 28. Rg1 Qd4 29. Qf3 Kf8 30. Ne3 R5d6 31. Rg4 Qa7 32.
Rgh4 Qb7 33. Qe2 Qh1 34. Rxh5 gxh5 35. Qxh5 Rd1 36. Nxd1 Rxd1 37. Rf3 Rxc1+
38. Ka2 Ra1+ 39. Kb3 Rxa3+ 40. Kxa3 Qa1+ 41. Kb4 Qa4+ 42. Kc5 Bd4+ 43. Kd6
Qb4+ 44. Kc6 Qc5+ 45. Kd7 Qa7+ 46. Kd6 Qe7+ 47. Kc6 Ke8 0-1

[Event "3rd Staunton Memorial"]
[Site "London ENG"]
[Date "2005.08.28"]
[Round "9"]
[White "Howell,D"]
[Black "Day,L"]
[Result "0-1"]
[WhiteElo "2471"]
[BlackElo "2270"]
[EventDate "2005.08.19"]

1. e4 g6 2. d4 Bg7 3. Nc3 c5 4. dxc5 Bxc3+ 5. bxc3 Nf6 6. Qd4 Nc6 7. Qe3
Qa5 8. Bd2 b6 9. cxb6 axb6 10. Bd3 Ba6 11. f4 d6 12. Nf3 Qc5 13. O-O Nd7
14. Nd4 Na5 15. e5 Nc4 16. Bxc4 Bxc4 17. exd6 Qxd6 18. Rf3 Ra5 19. f5 Ne5
20. Rh3 h5 21. fxg6 Nxg6 22. Rb1 Re5 23. Qf2 b5 24. a4 bxa4 25. Rb4 Qa6 26.
Nf3 Rd5 27. Rb6 Qa7 28. Be3 Rd1+ 29. Ne1 Qc7 30. Rb4 a3 31. Ra4 a2 32. Ra8+
Rd8 33. Ra3 O-O 34. Qf3 h4 35. Bf2 Bd5 36. Qg4 Ra8 37. Bd4 e5 38. Bf2 Rxa3
39. Qg5 Be6 40. Rxh4 a1=Q 41. Rh6 Kg7 42. Bh4 Qc5+ 43. Kh1 Qxe1+ 44. Bxe1
Ra1 0-1

[Event "3rd Staunton Memorial"]
[Site "London ENG"]
[Date "2005.08.28"]
[Round "9"]
[White "Houska,Jo"]
[Black "Levitt,J"]
[Result "0-1"]
[WhiteElo "2342"]
[BlackElo "2441"]
[EventDate "2005.08.19"]

1. e4 e6 2. d3 d5 3. Nd2 c5 4. g3 Nc6 5. Ngf3 Bd6 6. Bg2 Nge7 7. O-O Qc7 8.
c3 O-O 9. a3 d4 10. Nc4 e5 11. Nh4 Be6 12. Nxd6 Qxd6 13. c4 a6 14. f4 f6
15. g4 exf4 16. Bxf4 Qd7 17. Nf5 Ng6 18. Bd6 Bxf5 19. exf5 Qxd6 20. Bd5+
Kh8 21. fxg6 Ne7 22. gxh7 Nxd5 23. cxd5 Rae8 24. Qf3 Re3 25. Qf4 Qxd5 26.
g5 Re2 27. Rf3 Qf7 28. Raf1 Qg6 29. Kh1 Rfe8 30. Rg3 fxg5 31. Qxg5 Qxg5 32.
Rxg5 R2e5 33. Rxe5 Rxe5 34. Rc1 a5 35. Kg1 Kxh7 36. Kf2 Kg6 37. Rb1 Kf5 38.
Rg1 g5 39. Rg3 a4 40. Rh3 Re6 41. Rh7 Rb6 42. h4 Rxb2+ 43. Kf3 Rd2 44. h5
g4+ 45. Kg3 Rxd3+ 46. Kg2 Rxa3 47. Rxb7 Kg5 48. Rd7 Rc3 0-1